The second part of the Booke of Christian exercise appertaining to resolution, or, A Christian directorie guiding all men to their saluation /

Bibliographic Details
Main Author: Parsons, Robert, 1546-1610
Format: eBook
Language:English
Published: At London : Printed by VVilliam Iaggard for Simon Waterson, dwelling in Paules Church-yard, at the signe of the Crowne, 1610.
Series:Early English books online.
Subjects:
Online Access:Connect to the full text of this electronic book

MARC

Tag First Indicator Second Indicator Subfields
LEADER 00000nam a2200000Ia 4500
001 in00004207021
005 20200806091424.0
006 m g d
007 cr bn |||a|bb|
008 910311s1610 enk o 00| | eng d
035 |a (OCoLC)23225714 
040 |a EBK  |c EBK  |d WaOLN 
037 |a CL0036000053  |b ProQuest. 789 E. Eisenhower Parkway, Ann Arbor, MI 48108-3218 
090 |a BX2349  |b .P37 1610 
049 |a UMIA 
100 1 |a Parsons, Robert,  |d 1546-1610. 
245 1 4 |a The second part of the Booke of Christian exercise appertaining to resolution, or, A Christian directorie guiding all men to their saluation /  |c written by the former authour R.P. 
260 |a At London :  |b Printed by VVilliam Iaggard for Simon Waterson, dwelling in Paules Church-yard, at the signe of the Crowne,  |c 1610. 
300 |a 1 online resource ([504] pages) 
336 |a text  |b txt  |2 rdacontent 
337 |a computer  |b c  |2 rdamedia 
338 |a online resource  |b cr  |2 rdacarrier 
500 |a "Anonymously edited version of Parsons' Christian directory"--NUC pre-1956 imprints. 
500 |a Signatures: A-X¹². 
500 |a Marginal notes. 
500 |a Imperfect: tightly bound. 
500 |a Reproduction of original in the Bodleian Library. 
510 4 |a STC (2nd edition)  |c 19386 
533 |a Electronic reproduction.  |b Ann Arbor, Mich. :  |c UMI,  |d 1999-  |f (Early English books online)  |n Digital version of: (Early English books, 1475-1640 ; 1801:11)  |7 s1999 miun s 
650 0 |a Christian life  |x Catholic authors. 
740 0 |a Booke of Christian exercise. 
740 0 |a Christian directorie guiding all men to their saluation. 
830 0 |a Early English books online. 
856 4 0 |u http://proxy.library.tamu.edu/login?url=https://search.proquest.com/docview/2240895946  |z Connect to the full text of this electronic book  |t 0 
999 f f |s e1984172-5713-3131-85e2-4ba9bfb38434  |i f526bdaa-386c-3cbf-9b61-c0f226284a1a  |t 0 
952 f f |a Texas A&M University  |b College Station  |c Electronic Resources  |d Available Online  |t 0  |e BX2349 .P37 1610  |h Library of Congress classification 
998 f f |a BX2349 .P37 1610  |t 0  |l Available Online